| 000 | 00609nam a22001817a 4500 | ||
|---|---|---|---|
| 003 | BUBTL | ||
| 008 | 180116b xxu||||| |||| 00| 0 eng d | ||
| 020 | _a978-984-9005197-9 | ||
| 082 | _a954.92051ROM | ||
| 100 |
_91754 _aরসুল,এনায়েত |
||
| 245 |
_aমুক্তিযুদ্ধ সমগ্র / _cএনায়েত রসুল |
||
| 260 |
_aঢাকা : _bঅক্ষর, _cc২০১২ |
||
| 300 |
_a381 p. : _c22 cm. |
||
| 650 | 0 |
_91755 _aমুক্তিযুদ্ধ |
|
| 856 |
_k0 _l0 _yDownload |
||
| 942 |
_2ddc _cBK |
||
| 999 |
_c5655 _d5655 |
||